Cuarto Menguante (Registro nro. 8205)
[ vista simple ]
| 000 -CABECERA | |
|---|---|
| Longitud fija campo de control | 00524nam a2200205 a 4500 |
| 003 - • IDENTIFICADOR DELl NÚMERO DE CONTROL | |
| Identificador del número de control | CO-ViMGA |
| 008 - • CÓDIGOS DE INFORMACIÓN DE LONGITUD FIJA | |
| Códigos de información de longitud fija | 141112s2004 ck r 000 u spa d |
| 020 ## - • NÚMERO INTERNACIONAL NORMALIZADO PARA LIBROS | |
| Número Internacional Normalizado para Libros (ISBN) | 9581401954 |
| 040 ## - FUENTE DE LA CATALOGACIÓN | |
| Centro catalogador de origen | CO-ViMGA |
| Lengua de catalogación | spa |
| Centro transcriptor | CO-ViMGA |
| 082 04 - • NÚMERO DE LA CLASIFICACIÓN DECIMAL DEWEY | |
| Número de clasificación (R) | Co863.6 S15c12 |
| 100 1# - • PUNTO DE ACCESO PRINCIPAL-NOMBRE DE PERSONA | |
| Nombre de persona | Santa Eduardo, |
| 245 10 - • TITULO PROPIAMENTE DICHO | |
| Título | Cuarto Menguante |
| 250 ## - • MENCIÓN DE EDICIÓN | |
| Mención de edición | 1 |
| 300 ## - • DESCRIPCIÓN FÍSICA | |
| Extensión | 244 p. |
| 490 ## - • MENCIÓN DE SERIE | |
| Mención de serie | Normativa Colombiana |
| 650 14 - • PUNTO DE ACCESO ADICIONAL DE MATERIA - TÉRMINO DE MATERIA | |
| Término de materia o nombre geográfico como elemento inicial | NOVELA COLOMBIANA |
| 942 ## - ENTRADA DE ELEMENTOS AGREGADOS (KOHA) | |
| Fuente de clasificaión o esquema | Dewey Decimal Classification |
| Koha [por defecto] tipo de item | LIbro |
| Perdido | Fuente de clasificación o esquema | Estado Físico | No para préstamo | Forma de adquisición | Localización permanente | Localización actual | Localización en estanterías | Fecha adquisición | Préstamos totales | Signatura completa | Código de barras | Fecha última consulta | Número de copia | Fecha del precio de reemplazo | Tipo de item de Koha | Serie de enumeración / cronolog&íacute;a |
|---|---|---|---|---|---|---|---|---|---|---|---|---|---|---|---|---|
| Dewey Decimal Classification | Colección General | Biblioteca Pública Fuentedeoro - Henry Llanos García | Biblioteca Pública Fuentedeoro - Henry Llanos García | General | 04/20/2023 | 299.82 A71m | Fo000096 | 04/20/2023 | Ej.1 | 04/20/2023 | LIbro | |||||
| Dewey Decimal Classification | Colección General | Biblioteca Pública El Castillo - Alfonso Meneses | Biblioteca Pública El Castillo - Alfonso Meneses | General | 08/26/2023 | 299.82 A71m | EC01444 | 08/26/2023 | Ej.1 | 08/26/2023 | LIbro | |||||
| Dewey Decimal Classification | Sala General Segundo Piso | Biblioteca Pública Germán Arciniegas - Villavicencio | Biblioteca Pública Germán Arciniegas - Villavicencio | 12/04/2015 | Co863.6 S15c12 | 10965 | 12/04/2015 | Ej. 1 | 12/04/2015 | LIbro | Volumen. 1 | 11/jun/2009 | |||||
| Dewey Decimal Classification | Colección General | Biblioteca Pública Guamal | Biblioteca Pública Guamal | General | 02/07/2023 | 299.82 A71m | GUA000739 | 02/07/2023 | Ej.1 | 02/07/2023 | LIbro | |||||
| Dewey Decimal Classification | Colección General | Biblioteca Pública La Macarena | Biblioteca Pública La Macarena | General | 07/12/2023 | 299.82 A17m | LM00054 | 07/12/2023 | Ej.1 | 07/12/2023 | LIbro |